Véronique [ (Record no. 168844)

MARC details
000 -LEADER
campo de control de longitud fija 00762nam a22002055i 4500
001 - NÚMERO DE CONTROL
campo de control 168844
003 - IDENTIFICADOR DE NÚMERO DE CONTROL
campo de control ES-MaACL
005 - FECHA Y HORA DE LA ÚLTIMA TRANSACCIÓN
campo de control 20230906213916.0
008 - DATOS DE LONGITUD FIJA--INFORMACIÓN GENERAL
campo de control de longitud fija 080613s1899 fr |||| | fre d
080 ## - NÚMERO DE LA CLASIFICACIÓN DECIMAL UNIVERSAL
Número de la Clasificación Decimal Universal 782.089.6
100 1# - ENTRADA PRINCIPAL--NOMBRE DE PERSONA
Nombre de persona Messager, André.
9 (RLIN) 137967
240 10 - TÍTULO UNIFORME
Título uniforme Véronique.
Medio Partitura de coro
245 10 - MENCIÓN DEL TÍTULO
Título Véronique [
Medio música impresa]
Resto del título : opéra comique en 3 actes /
Mención de responsabilidad, etc. de A. Vanloo et G. Duval ; musique de André Messager.
260 ## - PUBLICACIÓN, DISTRIBUCIÓN, ETC.
Lugar de publicación, distribución, etc. Paris :
Nombre del editor, distribuidor, etc. Choudens,
Fecha de publicación, distribución, etc. [1899]
300 ## - DESCRIPCIÓN FÍSICA
Extensión 1 partitura de coro (138 p.) ;
Dimensiones 19 cm.
650 14 - PUNTO DE ACCESO ADICIONAL DE MATERIA--TÉRMINO DE MATERIA
Término de materia o nombre geográfico como elemento de entrada Óperas-
Subdivisión general Partituras de coro.
9 (RLIN) 137579
700 1# - ENTRADA AGREGADA--NOMBRE PERSONAL
Nombre de persona Vanloo, Albert.
9 (RLIN) 137968
700 1# - ENTRADA AGREGADA--NOMBRE PERSONAL
Nombre de persona Duval, Georges (
Fechas asociadas al nombre 1772-1853)
9 (RLIN) 46374
852 4# - LOCALIZACIÓN
Ubicación ES-MaACL
Número de control de estantería E-12079
itemnumber R.140023
Nota libre Biblioteca Jacinto Martínez Lacalle
Holdings
Estatus retirado Estado de pérdida Fuente del sistema de clasificación o colocación Estado de daño No para préstamo Colección Biblioteca de origen Biblioteca actual Ubicación en estantería Fecha de adquisición Total de préstamos Signatura topográfica completa Código de barras Visto por última vez Precio de reemplazo Tipo de ítem Koha
    Clasificación decimal universal     Libros del s. XIX Biblioteca del Ateneo de Madrid Biblioteca del Ateneo de Madrid Depósito 2 13/06/2008   E-12079 1177195 23/02/2023 23/02/2023 Partitura